00000000nam##2200000za#4500
0019.696350
003CaOODSP
00520210624235007
007cr |||||||||||
008150407|2000||||xxc|||||o    f|0| 0 eng|d
040 |aCaOODSP|beng
043 |an-cn---
0861 |aH21-156/2000E-PDF
1101 |aCanada. |bHealth Canada.
24510|aRealigning Health Canada to better serve Canadians |h[electronic resource]
260 |aOttawa - Ontario : |bHealth Canada |cApril 17, 2000.
300 |a30p.|bfig., organization charts
590 |a12-30-Supp|b2012-06-28
69007|aHealth policy|2gcpds
69007|aHealth promotion|2gcpds
77508|tRemaniement de Santé Canada pour mieux servir la population canadienne |w(CaOODSP)9.640467
7760#|tRealigning Health Canada to better serve Canadians / |w(CaOODSP)9.661937
7760#|tRemaniement de Santé Canada pour mieux servir la population canadienne / |w(CaOODSP)9.661938
85640|ahttp://publications.gc.ca|qPDF|s675 KB|uhttps://publications.gc.ca/collections/Collection/H21-156-2000E.pdf